Plan estratégico tributario para optimizar el nivel de Cumplimiento en las Empresas Inmobiliarias, Municipio de Cotuí / (Registro nro. 23072)

Detalles MARC
000 -LEADER
fixed length control field 02762nam a22002777a 4500
003 - CONTROL NUMBER IDENTIFIER
control field DO-CoUTE
005 - DATE AND TIME OF LATEST TRANSACTION
control field 20230922115616.0
008 - FIXED-LENGTH DATA ELEMENTS--GENERAL INFORMATION
fixed length control field 230922b dr ||||| |||| 00| 0 spa d
040 ## - CATALOGING SOURCE
Original cataloging agency DO-CoUTE
Language of cataloging spa
Transcribing agency DO-CoUTE
041 ## - LANGUAGE CODE
Language code of text/sound track or separate title spa
092 ## - LOCALLY ASSIGNED DEWEY CALL NUMBER (OCLC)
Classification number CON 2023 D87
100 1# - MAIN ENTRY--PERSONAL NAME
Personal name Durán Ramos, Katherine Massiel
Relator term sustentante
245 10 - TITLE STATEMENT
Title Plan estratégico tributario para optimizar el nivel de Cumplimiento en las Empresas Inmobiliarias, Municipio de Cotuí /
Statement of responsibility, etc. Katherine Massiel Durán Ramos, Magaly Sánchez Suarez, Elena Sxilien Figuereo
260 ## - PUBLICATION, DISTRIBUTION, ETC.
Place of publication, distribution, etc. Cotuí, República Dominicana :
Name of publisher, distributor, etc. Uteco,
Date of publication, distribution, etc. 2023
300 ## - PHYSICAL DESCRIPTION
Extent x, 58 hojas :
Other physical details Tablas ;
Dimensions 23x29cm
Accompanying material + 1 CD-ROM
502 ## - DISSERTATION NOTE
Dissertation note Trabajo de grado ( Licenciatura en Contabilidad )--Universidad Tecnológica del Cibao Oriental, 2023
504 ## - BIBLIOGRAPHY, ETC. NOTE
Bibliography, etc. note Incluye referencia bibliográfica e índice<br/>
520 ## - SUMMARY, ETC.
Summary, etc. El presente proyecto tiene como objetivo determinar los efectos generados por la <br/>planificación tributaria aplicada a las empresas inmobiliarias del municipio de Cotuí. Lo que <br/>se espera es que después de analizar la situación actual de las empresas inmobiliarias en cuanto <br/>ámbito tributario, se identifiquen sus debilidades y fortalezas para brindar una alternativa de <br/>cambio que sea implementada con la finalidad de optimizar el pago de tributos promoviendo <br/>el cumplimiento de los mismo en la que dicha carga no afecte las operaciones de la empresa.<br/>Con dicho trabajo se pretende minimizar el impacto impositivo en dichas entidades, en <br/>la medida en que los límites legales lo permitan, logrando una optimización de recursos, <br/>haciendo uso de los beneficios, exenciones y diferimientos que otorga la ley, para lograr una <br/>empresa más competitiva en el mercado, sin tantas cargas fiscales. Para poder llevar a cabo <br/>dicho trabajo se utilizan distintas herramientas para realizar el análisis del contexto de la <br/>empresa, tanto interno como externo, además de analizar las distintas alternativas vigentes de <br/>la legislación tributaria, teniendo presente los tributos que alcanzan a la empresa. Mediante el <br/>análisis llevado a cabo se determinó la importancia de contar con un adecuado plan tributario <br/>para la empresa, para aprovechar los distintos beneficios que otorgan las normas legales <br/>vigente para lograr una mayor eficiencia en el manejo de cada tributo.
650 #4 - SUBJECT ADDED ENTRY--TOPICAL TERM
Source of heading or term Carrera técnico superior - Plan Tributario
700 1# - ADDED ENTRY--PERSONAL NAME
Personal name Durán Ramos, Katherine Massiel
Relator term sustentante
700 1# - ADDED ENTRY--PERSONAL NAME
Personal name Sánchez Suárez, Magaly
Relator term sustentante
700 1# - ADDED ENTRY--PERSONAL NAME
Personal name Sxilien Figuereo, Elena
Relator term sustentante
830 ## - SERIES ADDED ENTRY--UNIFORM TITLE
Uniform title Tesis y disertaciones académicas (Universidad Tecnológica del Cibao Oriental)
856 ## - ELECTRONIC LOCATION AND ACCESS
Link text Haga Click Aquí para Descargar en Texto Completo
942 ## - ADDED ENTRY ELEMENTS (KOHA)
Source of classification or shelving scheme Dewey Decimal Classification
Koha item type Tesis
Existencias
Withdrawn status Lost status Source of classification or shelving scheme Damaged status Not for loan Collection code Home library Current library Shelving location Date acquired Inventory number Full call number Barcode Date last seen Copy number Price effective from Koha item type
    Dewey Decimal Classification   Préstamo Interno e-Tesis (en CD) Biblioteca UTECO Biblioteca UTECO Procesos Técnicos 09/22/2023 23072 CON 2023 D87 23072 09/22/2023 Ej.1 09/22/2023 Tesis
© 2021 Derechos Reservados UTECO - Teléfono: +1 809-585-2291 - Correo electrónico: biblioteca@uteco.edu.do​  
Código postal 43000 ​​
Dirección: Avenida Universitaria No. 100, 
Cotuí, Provincia Sánchez Ramírez, República Dominicana - RNC: 404-00059-6